Państwa Graniczące z Serbią - Statystyki

Ogólne statystyki
  • Ten quiz został rozwiązany 36 058 razy
  • Średni wynik to 8 z 8
Odpowiedzi na mapie
Odpowiedzi zakodowano w zielono-czerwonej skali na mapie do tego quizu, zgodnie z poniższymi procentami.
 
Statystyki odpowiedzi
Państwo % Poprawnych
Chorwacja
97%
Rumunia
97%
Bośnia i Hercegowina
96%
Kosowo
96%
Węgry
96%
Bułgaria
95%
Macedonia Północna
94%
Czarnogóra
93%
Nie znaleziono quizów pasujących do podanych kryteriów
Rozkład punktacji
Procent ludzi z każdym wynikiem
Percentyl według liczby udzielonych odpowiedzi
Twoja historia wyników
Nie rozwiązałeś tego quizu